A toda crítica: ensayos sobre arte y artistas
Uloženo v:
| Hlavní autor: | |
|---|---|
| Médium: | Kniha |
| Jazyk: | španělština |
| Vydáno: |
Barcelona
Anagrama
1997
|
| Vydání: | 2a. ed |
| Edice: | Colección Argumentos, 130
|
| Témata: | |
| Tagy: |
Přidat tag
Žádné tagy, Buďte první, kdo vytvoří štítek k tomuto záznamu!
|
MARC
| LEADER | 00000nam a2200000 a 4500 | ||
|---|---|---|---|
| 001 | UCK6090 | ||
| 003 | CL-VaPUC | ||
| 008 | 050902e19970100SP |||||||||||||||||spa|d | ||
| 020 | |a 8433913603 | ||
| 082 | 0 | 4 | |a 701.18 |b HUG |2 21 |
| 100 | |a Hughes, Robert |e author |9 572963 | ||
| 245 | 1 | 0 | |a A toda crítica: ensayos sobre arte y artistas |
| 250 | |a 2a. ed | ||
| 300 | |a 497 p | ||
| 942 | |c BK | ||
| 945 | |d 20050902 00:00:00 |a jcarroza | ||
| 260 | |a Barcelona |b Anagrama |c 1997 | ||
| 650 | 0 | |a Arte |9 265238 | |
| 650 | 0 | |a Crítica de arte |9 334590 | |
| 650 | 0 | |a Artistas |9 262026 | |
| 583 | |a last modification |c 20170518 12:47:48 |k Rodrigo Vera | ||
| 490 | 0 | |a Colección Argumentos, 130 | |
| 999 | |c 314483 |d 314481 | ||
| 952 | |0 0 |1 0 |4 0 |6 701_180000000000000_HUG_1997 |7 0 |8 A |9 386756 |a BIBART |b BIBART |d 2019-11-22 |i 4160797 |l 2 |o 701.18 HUG 1997 |p 4160797 |r 2025-03-13 |s 2023-12-20 |w 2019-11-22 |y BK |k ART | ||